| 000 | 01453nam a2200241 a 4500 | ||
|---|---|---|---|
| 008 | 201029s2015 ||||||||||||||||| || u | ||
| 020 | _a9780323100021 | ||
| 050 | _aRT 62 Coo | ||
| 100 | _aGosnell, Kelly | ||
| 245 | 1 | 0 |
_aAdult health nursing. (7th edition) _cby Kim Cooper and Kelly Gosnell |
| 250 | _a7th edition | ||
| 260 |
_aSt. Louis, Missouri _bElsevier _c2015 |
||
| 300 | _axvii, 876 pages : illustrations | ||
| 650 | 3 | _aNURSING CARE | |
| 650 | _aPRACTICAL NURSING | ||
| 650 | _aNURSING | ||
| 700 | _aCooper, Kim | ||
| 995 |
_aMEDICAL LIBRARY OPEN ACCESS _D39.23 _e904844 _FCBU-SCHOOL OF MEDICINE LIBRARY (Ndola) _jRT 62 Coo _M1 _UAVAILABLE _WOct 29, 2020 _y904844 _ZMedical Library Open Access Collection |
||
| 995 |
_aMEDICAL LIBRARY OPEN ACCESS _D39.23 _e904845 _FCBU-SCHOOL OF MEDICINE LIBRARY (Ndola) _jRT 62 Coo _M2 _UAVAILABLE _WOct 29, 2020 _y904845 _ZMedical Library Open Access Collection |
||
| 995 |
_aMEDICAL LIBRARY OPEN ACCESS _D39.23 _e904846 _FCBU-SCHOOL OF MEDICINE LIBRARY (Ndola) _jRT 62 Coo _M3 _UAVAILABLE _WOct 29, 2020 _y904846 _ZMedical Library Open Access Collection |
||
| 995 |
_aMEDICAL LIBRARY OPEN ACCESS _D39.23 _e904848 _FCBU-SCHOOL OF MEDICINE LIBRARY (Ndola) _jRT 62 Coo _M5 _UAVAILABLE _WOct 29, 2020 _y904848 _ZMedical Library Open Access Collection |
||
| 995 |
_aMEDICAL LIBRARY OPEN ACCESS _D39.23 _e904847 _FCBU-SCHOOL OF MEDICINE LIBRARY (Ndola) _jRT 62 Coo _M4 _UAVAILABLE _WOct 29, 2020 _y904847 _ZMedical Library Open Access Collection |
||
| 999 |
_c63657 _d63657 |
||